Reminiscence využití vzpomínek při práci se seniory

Podrobná bibliografia
Hlavní autori: Janečková, Hana, 1950- (Autor), Vacková, Marie (Autor)
Médium: Kniha
Jazyk:čeština
Fyzický popis:151 s. ilustr. 23 cm
Vydavateľské údaje: Praha Portál 2010
ISBN:9788073675813
Vydanie:Vyd. 1.
Predmet:

MARC

LEADER 00000cam a2200000 a 4500
001 vtls010071270
003 SK-MaSNL
005 20260301030528.0
008 240314s2010 xr a g f 000 0 cze
020 |a 9788073675813  |q (brož.) 
040 |a SNK  |b slo  |c SNK  |e AACR2 
041 0 |a cze 
044 |a xr  |c CZ 
072 7 |a 615.8  |x Fyzioterapia. Psychoterapia. Alternatívna medicína  |2 konspekt 
080 |a 615.851:159.953.34  |2 2001 
080 |a 316.346.32-053.9  |2 2001 
080 |a 316.728-021.465  |2 2001 
080 |a 364.4-053.9  |2 2001 
080 |a (048.8)  |2 2001 
080 |a (035)  |2 2001 
100 1 |a Janečková, Hana,  |d 1950-  |4 aut  |9 324537 
245 1 0 |a Reminiscence  |b využití vzpomínek při práci se seniory  |c Hana Janečková, Marie Vacková 
246 3 0 |a Využití vzpomínek při práci se seniory 
250 |a Vyd. 1. 
260 |a Praha  |b Portál  |c 2010 
300 |a 151 s.  |b ilustr.  |c 23 cm 
504 |a Obsahuje bibliogr. 
650 0 7 |a reminiscenčná terapia  |2 SNKPH  |9 132298 
650 0 7 |a seniori  |2 SNKPH  |9 117453 
650 0 7 |a kvalita života  |2 SNKPH  |9 1705 
650 0 7 |a starostlivosť o seniorov  |2 SNKPH  |9 108895 
650 0 7 |a Reminiscence therapy  |2 SNKPHeng  |9 324538 
650 0 7 |a Older people  |2 SNKPHeng  |9 275779 
650 0 7 |a Quality of life  |2 SNKPHeng  |9 265996 
650 0 7 |a Older people's care  |2 SNKPHeng  |9 318917 
655 7 |a štúdie  |2 SNKPH  |9 57033 
655 7 |a príručky  |2 SNKPH  |9 74364 
655 7 |a Studies  |2 SNKPHeng  |9 265573 
655 7 |a Handbooks, manuals, etc.  |2 SNKPHeng  |9 90964 
700 1 |a Vacková, Marie  |4 aut  |9 324539 
919 |a 978-80-7367-581-3 
999 |c 574605  |d 576535 
952 |t snkJAN 615.8  |a SNKUST  |b SNKUST  |y PREZ  |7 0  |p 17A0670816  |o snkIC 139097  |i snk2010/22154  |8 4  |g 11.20  |0 0  |1 0  |4 0  |d 2010-04-07  |l 0  |r 2025-04-29 00:00:00  |w 2026-02-23